000 00569nam a22001817a 4500
005 20251108164025.0
008 250721s1997 xx 000 0 ara d
082 1 4 _a346.09/كري
100 1 _aكريم، زهير عباس
245 1 0 _aالنظام القانوني للشيك :
_bدراسة فقهية قضائية مقارنة /
264 1 _aبيروت :
_bدار مكتبة التربية،
_c1997.
300 _a384ص
650 1 7 _aالقانون التجاري
650 1 7 _aالشيكات
650 1 7 _aالتزوير
942 _2ddc
_cBK
999 _c1676
_d1676